Statistics for UFC LIGHT HEAVYWEIGHT CHAMPS QUIZ

Click here to take the quiz!

General Stats

  • This quiz has been taken 44 times
  • The average score is 7 of 10

Answer Stats

HintAnswer% Correct
2018Jon Jones
100%
2015Daniel Cormier
92%
2023Jamahal Hill
92%
2022Jiri Prochazka
92%
2021Glover Teixeira
84%
2020Jan Blachowicz
81%
2010Mauricio Rua
65%
2009Lyoto Machida
54%
2008Rashad Evans
38%
2008Forrest Griffin
24%

Score Distribution

Percentile by Number Answered

Percent of People with Each Score

Your Score History

You have not taken this quiz